000 00397nam a22001697a 4500
005 20180703112113.0
008 160622b xxu||||| |||| 00| 0 eng d
020 _a81-203-2633-4
041 _aeng
082 _b9147
_a658
100 _aAltekar, Rahul V
_91944
245 _aEnter prisewide resource planning
260 _bPHI
_c2005
300 _a148
650 _aManagement
_9241
942 _cBK
999 _c3505
_d3504